000 00774nam a2200265Ia 4500
003 OSt
005 20221005023001.0
006 a|||||r|||| 00| 0
007 ta
008 221004b |||||||| |||| 00| 0 eng d
020 _a9781133314547 (pbk)
_c4386.96
024 _a10622
037 _b886, 25/03/2014, Bright Book Service
_cTextual
040 _aCRL
_cCRL
_beng
041 _2eng
_aeng
082 _aY:1.5, Q3
100 _aPerry Marvin
245 0 _aWestern civilization
_b Idea politics, and society
250 _a10th
260 _aAustralia
_bCengage Learning
_c2013
300 _axxx, 888p.
_ccm.
650 _aSOCIOLOGY
942 _hY:1.5, Q3
_cTEXL
_2cc
999 _c930317
_d930317